02225agaaa2200313 45000010005000000030009000050050017000140070009000310080040000400400023000800410013001031000049001161300018001652400025001832450149002082460018003572500022003752600114003973000034005115080151005455110091006965200862007875380016016495460013016656500053016787000064017317000061017957000055018560829IT-RoPAU20220918181254.0d cvaizq50131s9999||||xx ||| | || ||und|| aIT-RoPAUcIT-RoPAU aITALIANO aSpielberg StevengCodice regista SPICS: 1649 aJURASSIC PARK aJURASSIC PARKgT2873 aJURASSIC PARKcSceneggiatura: Crichton Michael Koepp David -- Diretto da: Spielberg StevenpJURASSIC PARK (Rif. Codice opera principale : D0829) aJURASSIC PARK aEdizione Standard a(USA)bAMBLIN ENTERTAINMENT / Distribuzione: UNIVERSAL VIDEOg"1993 (1° ed.: 1994 ; Ed. Lingua Orig.: 1993)" aVHSbsonoro, col.c128 minuti a"Fotografia: Cundey Dean; Montaggio: Kahn Michael; Musica: Williams John; Sceneggiatura: Crichton Michael Koepp David; Scenografia: Carter Rick; " a"Attenborough Richard; Brown Jophery; Burson Greg; Cundey Dean; Dern Laura; Escober A" a"IL MAGNANTE STATUNITENSE JOHN HAMMOND HA REALIZZATO IN GRAN SEGRETO, SULL'ISOLA NUBLAR, AL LARGO DEL GUATEMALA, IL PARCO DIVERTIMENTI PIU AMBIZIOSO E FANTASTICO DELLA SUA VITA. GRAZIE AL DOTTOR WU, UNO SCIENZIATO CINO-AMERICANO ESPERTO DI CLONAZIONE E RICOSTRUZIONE DEL DNA, HA RIPORTATO IN VITA, UTILIZZANDONE IL SANGUE TROVATO IN ALCUNE ZANZARE VISSUTE NEL GIURASSICO, ALCUNE SPECIE DI DINOSAURI, ERBIVORI E CARNIVORI. PER OTTENERE L'APPROVAZIONE FINALE DEGLI AZIONISTI DEL GRANDIOSO PROGETTO, SPECIE IN TERMINI DISICUREZZA DEI VISITATORI E PERTINENZA DEGLI ASPETTI SCIENTIFICI, HAMMOND INVITA PER UN WEEK-END NELL'ISOLA IL DOTTOR ALAN GRANT, UN ESPERTO PALEONTOLOGO; ELLIE SATTLER, PALEOBOTANICA; L'AVVOCATO DONALD GENNARO, IN RAPPRESENTANZA DEGLI AZIONISTI; UN MATEMATICO, IAN MALCOLM; I DUE PROPRI NIPOTINI, ALEXIS, UNA BIMBA DI 12 ANNI, E TIM, DI 9." aPAL, STEREO aITALIANO aFANTASYeFILMS [VHS]xCodice MATERIA SPICS: 9960 aCrichton Michael e(soggetto)gCodice Soggetto SPICS: 12129 aSpielberg Steven e(regista)gCodice regista SPICS: 1649 aWilliams Johne(musica)gCodice Musica SPICS: 9998